000 00729nam a2200217Ia 4500
001 17676
003 AR-BaAGN
005 20230810111227.0
007 ta
008 211213s1861 cl |||||||||||||| ||spa d
040 _aAR-BaAGN
_bspa
_eaacr
100 1 _aZenteno, Ignacio
245 1 0 _aDocumentos justificativos sobre la expedición libertadora del Perú :
_bRefutación de las memorias de Lord Cochrane en lo concerniente a las relaciones del Vice-Almirante con el Gobierno de Chile.
260 _aSantiago de Chile :
_bImp. del Ferrocarril,
_c1861.
300 _a122 páginas :
_bmecanografiadas
336 _2rdacontent
_btxt
337 _2rdamedia
_bn
338 _2rdacarrier
_bnc
942 _cLIBRO
_n0
999 _c17676
_d17676